Canzone d'amore da un tempo difficile : romanzo di una piccola città /

-д хадгалсан:
Номзүйн дэлгэрэнгүй
Үндсэн зохиолч: Schernikau, Ronald M. (Зохиогч)
Бусад зохиолчид: Jorio, Stefano (Орчуулагч)
Формат: Ном
Хэл сонгох:итали
Хэвлэсэн: Roma : L'orma, 2017
Цуврал:Kreuzville ; 15
Шошгууд: Шошго нэмэх
Шошго байхгүй, Энэхүү баримтыг шошголох эхний хүн болох!

MARC

LEADER 00000nam a2200000 i 4500
001 IT\ICCU\PUV\1475437
003 ItRI
005 20260115232210.0
008 170802s2017 it |||||| ||||| |||||c
015 |2 IT  |a 2018-12899 
020 |a 9788899793289 
040 |b ita  |c importazione bologna sebina 
041 7 |a ita  |2 ISO-639-2 
082 |a 833.914  |9 NARRATIVA TEDESCA, 1945-1990  |2 23 
100 1 |a Schernikau, Ronald M.  |0 IT\ICCU\BCTV\003598  |4 aut 
240 1 0 |a Kleinstadtnovelle  |3 IT\ICCU\PUV\1194926  |9 Schernikau, Ronald M. 
245 1 0 |a Canzone d'amore da un tempo difficile :  |b romanzo di una piccola città /  |c Ronald M. Schernikau ; traduzione di Stefano Jorio. 
260 |a Roma :  |b L'orma,  |c 2017 
300 |a 115 p. ;  |c 22 cm 
700 1 |a Jorio, Stefano  |0 IT\ICCU\UBOV\377963  |4 trl 
790 1 |a Schernikau, Ronald Lothar  |3 IT\ICCU\CFIV\344259  |z Schernikau, Ronald M. 
830 0 |a Kreuzville ;  |v 15  |0 IT\ICCU\LO1\1453218 
942 |2 ddc  |c BK  |n 0 
952 |0 0  |1 0  |4 0  |6 DOC_833_914000000000000_SCH  |7 0  |9 21816  |a BO  |b BO  |d 2026-01-15  |i 18879  |l 0  |o DOC 833.914 SCH  |p BO18879  |r 2026-01-15 23:22:10  |w 2026-01-15  |x [Sebina 5] [1 v.]  |y BK  |z 1 v. 
999 |c 18643  |d 18643